SL Benfica - Tous les joueurs (2010-2020) - Statistiques

Statistiques générales
  • Ce quiz a été pris 240 fois
  • Le résultat moyen est 33 sur 137
Statistiques - réponses
Saisons Nationalité Joueur Nb de matchs % Correct
2018-2020 Portugal Florentino Luis 21
79%
2014-2020 Portugal Pizzi 189
73%
2010-2018 Brésil Luisao 177
72%
2012-2016 Pays-Bas Ola John 55
72%
2015-2020 Espagne Alex Grimaldo 104
68%
2016-2020 Portugal Rafa Silva 91
68%
2011-2020 Portugal André Almeida 168
64%
2015-2017 Brésil Ederson 37
64%
2014-2019 Brésil Jonas 132
63%
2010-2014 Paraguay Oscar Cardozo 91
62%
2017-2020 Portugal Ruben Dias 89
59%
2013-2014 Portugal Bernardo Silva 1
58%
2018-2019 Portugal Joao Félix 26
58%
2017-2020 Suisse Haris Seferovic 79
57%
2010-2016 Argentine Nicolas Gaitan 152
57%
2013-2014 Slovénie Jan Oblak 16
55%
2010-2019 Argentine Eduardo Salvio 166
54%
2018-2020 Grèce Odisseas Vlachodimos 67
54%
2015-2017 Grèce Kostas Mitroglou 60
53%
2010-2020 Brésil Jardel 157
49%
2010-2011 Brésil Julio César 4
49%
2014-2020 Grèce Andreas Samaris 126
47%
2010-2015 Uruguay Maxi Pereira 136
46%
2015-2018 Mexique Raul Jimenez 80
45%
2018-2020 Maroc Adel Taarabt 30
44%
2010-2011 Brésil David Luiz 16
44%
2011-2015 Argentine Enzo Pérez 70
44%
2013-2020 Serbie Ljubomir Fejsa 114
44%
2011-2014 Serbie Nemanja Matic 56
43%
2016-2020 Argentine Franco Cervi 93
42%
2012-2015 Brésil Lima 89
41%
2015-2017 Portugal Nélson Semedo 43
40%
2010-2013 Argentine Pablo Aimar 60
40%
2015-2016 Portugal Renato Sanches 24
40%
2011-2014 Argentine Ezequiel Garay 78
38%
2013-2014 Portugal Joao Cancelo 1
37%
2018-2019 Guinée Equatoriale Alfa Semedo 5
36%
2014-2018 Portugal Eliseu 75
35%
2013-2014 Serbie Lazar Markovic 26
34%
2011-2013 Brésil Bruno César 32
32%
2019-2020 Portugal Gonçalo Ramos 1
32%
2010-2012 Argentine Javier Saviola 42
32%
2011-2014 Espagne Rodrigo 68
32%
2013-2014, 2015-2017 Suède Victor Lindelöf 48
32%
2012-2014 Portugal André Gomes 14
30%
2014-2015 Brésil César 3
29%
2019-2020 Allemagne Julian Weigl 18
29%
2016-2017 Portugal Pedro Pereira 1
29%
2014-2017 Portugal Gonçalo Guedes 39
28%
2016-2020 Serbie Andrija Zivkovic 55
27%
2011-2013 Belgique Axel Witsel 32
27%
2010-2011 Portugal Nuno Gomes 6
26%
2017-2018 Portugal Bruno Varela 29
25%
2018-2020 Portugal Gedson Fernandes 29
25%
2018-2019 France Sébastien Corchia 2
24%
2017-2020 Serbie Mile Svilar 5
23%
2010-2011 Portugal Fabio Coentrao 23
22%
2014-2016 Brésil Talisca 53
22%
2016-2017 Pérou André Carrillo 20
21%
2016-2017 Portugal José Gomes 3
21%
2010-2012, 2013-2015 Portugal Ruben Amorim 45
21%
2018-2020 Portugal Ferro 39
20%
2010-2011 Argentine José Luis Fernandez 2
20%
2019-2020 Espagne Raul de Tomas 7
20%
2011-2012 Uruguay Rodrigo Mora 1
20%
2019-2020 Portugal Chiquinho 25
19%
2019-2020 Portugal Nuno Tavares 11
19%
2011-2015 Brésil Artur Moraes 85
17%
2017-2019 Croatie Filip Krovinovic 17
17%
2010-2012 Espagne Javi Garcia 46
17%
2019-2020 Portugal Tomas Tavares 12
17%
2010-2012 Portugal Carlos Martins 38
16%
2018-2020 Portugal Jota 23
16%
2015-2017 Serbie Luka Jovic 2
16%
2013-2014, 2015-2016, 2017-2018 Portugal Paulo Lopes 4
16%
2014-2016 Italie Bryan Cristante 7
15%
2018-2020 Brésil Gabriel 39
15%
2014-2018 Argentine Lisandro Lopez 32
15%
2015-2016 Maroc Mehdi Carcela 20
15%
2017-2018, 2019-2020 Portugal Diogo Gonçalves 9
14%
2013-2014 Brésil Guilherme Siqueira 18
14%
2017-2018 Portugal Joao Carvalho 7
14%
2010-2011 Espagne Roberto 25
14%
2013-2016 Portugal Silvio 13
14%
2013-2014, 2015-2016 Serbie Filip Djuricic 12
13%
2018-2019 Chili Nicolas Castillo 4
13%
2011-2012 Portugal Luis Martins 4
12%
2016-2017 Portugal André Horta 10
11%
2012-2013 Paraguay Lorenzo Melgarejo 21
11%
2013-2015 Serbie Miralem Sulejmani 15
11%
2011-2013 Espagne Nolito 35
11%
2019-2020 Brésil Carlos Vinicius 32
10%
2013-2014 Portugal Ivan Cavaleiro 8
10%
2011-2013 Portugal Miguel Vitor 4
10%
2010-2011, 2012-2013 Brésil Alan Kardec 15
9%
2017-2018 Brésil Douglas 5
9%
2018-2019 Argentine Facundo Ferreyra 5
9%
2018-2019 Argentine German Conti 4
9%
2010-2012, 2014-2015 Argentine Franco Jara 29
8%
2017-2018 Brésil Gabriel Barbosa 1
8%
2010-2011 Portugal José Moreira 2
8%
2015-2016 Portugal Nuno Santos 1
8%
2012-2013 Canada Steven Vitoria 1
8%
2016-2017 Brésil Danilo Barbosa 2
7%
2011-2012 Brésil Emerson 21
7%
2011-2012 Espagne Joan Capdevila 5
7%
2014-2015 Uruguay Jonathan Rodriguez 1
7%
2010-2011 France Lionel Carole 6
7%
2010-2011 Brésil Sidnei 16
7%
2016-2017 Croatie Branimir Kalaica 1
6%
2013-2014 Brésil Bruno Cortez 6
6%
2018-2019 Argentine Cristian Lema 1
6%
2019-2020 Portugal Dyego Sousa 11
6%
2011-2012 Portugal Eduardo 1
6%
2017-2018 Etats-Unis Keaton Parks 4
6%
2014-2015 Suisse Loris Benito 2
6%
2016-2018 Brésil Filipe Augusto 17
5%
2011-2012 Portugal Nélson Oliveira 12
5%
2010-2011 Brésil Airton 15
4%
2010-2011 Portugal César Peixoto 16
4%
2014-2015 Brésil Derley 15
4%
2014-2015 Allemagne Hany Mukhtar 1
4%
2010-2011 Portugal Luis Filipe 3
4%
2012-2013 Portugal Luisinho 5
4%
2010-2011, 2012-2013 Portugal Roderick 7
4%
2013-2014 Argentine Rogelio Funes Mori 2
4%
2015-2016 Brésil Victor Andrade 3
4%
2011-2012 Portugal Yannick Djalo 3
4%
2014-2015 Portugal Bebé 1
3%
2019-2020 Brésil Caio 4
3%
2015-2016 Mozambique Clésio 1
3%
2010-2011 Brésil Felipe Menezes 7
3%
2012-2013 Uruguay Jonathan Urretaviscaya 4
3%
2017-2018 Slovaquie Martin Chrien 1
3%
2010-2011 Brésil Weldon 4
2%
2016-2017 Brésil Marcelo Hermes 1
1%
2016-2017 Colombie Guillermo Celis 3
0%
Aucun quiz correspondant
Distribution des résultats
% des personnes avec chaque résultat
Percentile par nombre de réponses
Votre historique - résultats
Vous n’avez pas pris ce quiz